| 000 | 00000nam##2200000za#4500 |
| 001 | 9.605992 |
| 003 | CaOODSP |
| 005 | 20210624212411 |
| 007 | cr ||||||||||| |
| 008 | 150406|1999||||xxc|||||o f|0| 0 fre|d |
| 040 | |aCaOODSP|bfre |
| 043 | |an-cn--- |
| 086 | 1 |aEn133-5/7-1999F-PDF |
| 110 | 2 |aTable ronde nationale sur l'environnement et l'économie (Canada) |
| 245 | 10|aProposition de politiques complémentaires à un système national d'échanges de droits d'émission de gaz à effet de serre / |h[ressource électronique]|cpar Chris Rolfe, Erik Haites and Robert Hornung. |
| 260 | |aOttawa - Ontario : |bTable ronde nationale sur l'environnement et l'économie |cSeptembre 1998. |
| 300 | |a30p.|bréférences, tableaux |
| 490 | 1 |aDroits d'échange d'émission nationaux des gaz à effet de serre, série de documents techniques |
| 500 | |a«Cet exposé examine plusieurs différents types de politiques qui pourraient compléter la mise en application d'un système national d'échange des droits d'émissions des gaz à effet de serre au Canada. Il propose une analyse raisonnée pour l'utilisation de ces types de politiques qui pourraient être mises en oeuvre pour atteindre les objectifs.»--Introduction. |
| 520 | 3 |aCet exposé examine plusieurs différents types de politiques qui pourraient compléter la mise en application d'un système national d'échange des droits d'émissions des gaz à effet de serre au Canada. Il propose une analyse raisonnée pour l'utilisation de ces types de politiques qui pourraient être mises en oeuvre pour atteindre les objectifs.--Introduction |
| 590 | |a13-19-Supp|b2013-08-14 |
| 691 | 07|aPolitique environnementale|2gcpds |
| 691 | 07|aGestion de l'environnement|2gcpds |
| 691 | 07|aLutte contre la pollution|2gcpds |
| 691 | 07|aEffet de serre|2gcpds |
| 691 | 07|aClimat|2gcpds |
| 775 | 08|tPolicies that could complement a domestic emissions trading system for greenhouse gases / |w(CaOODSP)9.577181 |
| 776 | 0#|tProposition de politiques complémentaires à un système national d'échanges de droits d'émission de gaz à effet de serre / |w(CaOODSP)9.625343 |
| 830 | #0|aDroits d'échange d'émission nationaux des gaz à effet de serre, série de documents techniques.|w(CaOODSP)9.503944 |
| 856 | 40|ahttp://publications.gc.ca|qPDF|s3620 Ko|uhttps://publications.gc.ca/collections/collection_2013/trnee-nrtee/En133-5-7-1999-fra.pdf |